000 00613nam a22001935i 4500
001 172007
003 ES-MaACL
005 20250814033438.0
008 090610s1970 mx |||| | spa d
100 1 _aSoule, Dorothy F.
_9140608
245 1 0 _aZoología simplificada /
_cDorothy F. Soule ; [traducción: G. Caballero].
250 _a[1ª ed.].
260 _aMéxico :
_bCompañía General de Ediciones,
_c[1970]
300 _a189 p. :
_bil. ;
_c26 cm.
650 7 _aZoología
_2embne
_917868
700 1 _aCaballero, G.
_9140609
852 _aES-MaACL
_jE-9098
_9R.93570
999 _c172007
_d172007